01978nam a2200193Ia 4500003000400000005001700004008004100021040002100062041000800083082002500091110005300116245012600169260005800295300002800353505130900381650003001690650002801720650003601748OSt20210915112431.0210310s1985 ck gr 000 0 spa d aCO-JMCRcCO-JMCR0 aspa04a338.183 /bC718d2232 aColombia.bMinisterio de Desarrollo Económico 10aDisposiciones legales por las cuales se rige el instituto de fomento industrial / cMinisterio de Desarrollo Económico  aBogotá : bInstituto de Fomento industrial, c1985. a57 páginas ; c21 cm.0 aDECRETO NUMERO 1157 DE 1940, sobre fomento de la Economía Nacional. -- DECRETO LEY NUMERO 1419 de 1940, por el cual se adicionan las disposiciones del Decreto número 1157 de 1940, sobre la organización del Instituto de Fomento Industrial. -- LEY NUMERO 16 de 1963, por la cual se adscriben unas facultades al Instituto de Fomento Industrial, se dan unas autorizaciones al Gobierno Nacional y se dictan otras disposiciones. -- LEY NUMERO 41 DE 1968, por la cual se conceden unas autorizaciones al Gobierno Nacional, se ordena la capitalización del Instituto de Fomento Industrial y se propende por el desarrollo económico industrial regional. -- DECRETO NUMERO 166 DE 1969, por el cual se aprueban y adoptan los estatutos del Instituto de Fomento Industrial. -- DECRETO NUMERO 2461 DE 1980, por el cual se dictan disposiciones sobre Corporaciones Financieras . -- DECRETO NUMERO 3277 DE 1980, por el cual se adoptan disposiciones sobre Corporaciones Financieras. -- LEY 68 DE 1983, por la cual se dictan normas sobre el impuesto al valor CIF de las importaciones y su destinación, se adoptan normas para el Instituto de Fomento Industrial IFI y la Caja de Crédito Agrario, Industrial y Minero, se conceden unas facultades y se dictan otras disposiciones en materia tributaria y financiera.14aEconomía nocional xLey24aFomento industrialxLey24aCorporaciones financieras xLey